Metodická příručka pro 1. ročníky lidových škol umění : taneční obor /

Uložené v:
Podrobná bibliografia
Hlavní autori: Cveklová, Bohumíra, 1934- (Author), Pertl, Richard (Author)
Médium: Kniha
Jazyk:Czech
Vydané: Praha : Státní pedagogické nakladatelství, 1984.
Vydanie:1. vyd.
ISBN: (brož.)
Fyzický popis: 84 s. : obr.
Tagy: Pridať tag
Žiadne tagy, Buďte prvý kto otaguje tento záznam!

MARC

LEADER 00000nam a22000004a 4500
001 000408339
005 20121031091735.0
008 121031s1984 xr e cze d
020 |a (brož.)  |c Kčs 17,00 
040 |a SVKKK  |b slo  |c SVKKK  |e AACR2 
041 0 |a cze 
044 |a xr  |c CZ 
100 1 |a Cveklová, Bohumíra,  |d 1934-  |4 aut 
245 1 0 |a Metodická příručka pro 1. ročníky lidových škol umění :  |b taneční obor /  |c Bohumila Cveklová, Richard Pertl. 
250 |a 1. vyd. 
260 |a Praha :  |b Státní pedagogické nakladatelství,  |c 1984. 
300 |a 84 s. :  |b obr. 
366 |e 300 výt. 
700 1 |a Pertl, Richard  |4 aut 
910 |a svkkk 
998 |a BK 
090 |g SCKHL  |k Sklad Pribinova 2. posch.  |a II.302747  |j 698994  |i 2720848027  |s Absenčne